000 00275nam a22001337a 4500
008 181006b xxu||||| |||| 00| 0 eng d
020 _a09642
041 _aeng
080 _a941
100 _a17
101 _aHIS
245 _aAmerican Tradition
_cGreen
942 _2udc
_cBK
999 _c48946
_d48946